|
|
|
|
| LEADER |
02168nam a22005535i 4500 |
| 001 |
978-1-137-50985-7 |
| 003 |
DE-He213 |
| 005 |
20160715195856.0 |
| 007 |
cr nn 008mamaa |
| 008 |
160103s2015 xxk| s |||| 0|eng d |
| 020 |
|
|
|a 9781137509857
|9 978-1-137-50985-7
|
| 024 |
7 |
|
|a 10.1057/9781137509857
|2 doi
|
| 040 |
|
|
|d GrThAP
|
| 050 |
|
4 |
|a HD62.4-HD62.45
|
| 072 |
|
7 |
|a KJ
|2 bicssc
|
| 072 |
|
7 |
|a BUS069020
|2 bisacsh
|
| 082 |
0 |
4 |
|a 658.049
|2 23
|
| 245 |
1 |
0 |
|a Formulating Research Methods for Information Systems
|h [electronic resource] :
|b Volume 1 /
|c edited by Leslie P. Willcocks, Chris Sauer, Mary C. Lacity.
|
| 264 |
|
1 |
|a London :
|b Palgrave Macmillan UK :
|b Imprint: Palgrave Macmillan,
|c 2015.
|
| 300 |
|
|
|a X, 297 p.
|b online resource.
|
| 336 |
|
|
|a text
|b txt
|2 rdacontent
|
| 337 |
|
|
|a computer
|b c
|2 rdamedia
|
| 338 |
|
|
|a online resource
|b cr
|2 rdacarrier
|
| 347 |
|
|
|a text file
|b PDF
|2 rda
|
| 520 |
|
|
|a This edited two-volume collection presents the most interesting and compelling articles pertaining to the formulation of research methods used to study information systems from the 30-year publication history of the Journal of Information Technology .
|
| 650 |
|
0 |
|a Business.
|
| 650 |
|
0 |
|a Knowledge management.
|
| 650 |
|
0 |
|a Information technology.
|
| 650 |
|
0 |
|a Business
|x Data processing.
|
| 650 |
|
0 |
|a Management information systems.
|
| 650 |
|
0 |
|a International business enterprises.
|
| 650 |
|
0 |
|a International economics.
|
| 650 |
|
0 |
|a Development economics.
|
| 650 |
1 |
4 |
|a Business and Management.
|
| 650 |
2 |
4 |
|a International Business.
|
| 650 |
2 |
4 |
|a Business Information Systems.
|
| 650 |
2 |
4 |
|a International Economics.
|
| 650 |
2 |
4 |
|a Knowledge Management.
|
| 650 |
2 |
4 |
|a Development Economics.
|
| 650 |
2 |
4 |
|a IT in Business.
|
| 700 |
1 |
|
|a Willcocks, Leslie P.
|e editor.
|
| 700 |
1 |
|
|a Sauer, Chris.
|e editor.
|
| 700 |
1 |
|
|a Lacity, Mary C.
|e editor.
|
| 710 |
2 |
|
|a SpringerLink (Online service)
|
| 773 |
0 |
|
|t Springer eBooks
|
| 776 |
0 |
8 |
|i Printed edition:
|z 9781349561124
|
| 856 |
4 |
0 |
|u http://dx.doi.org/10.1057/9781137509857
|z Full Text via HEAL-Link
|
| 912 |
|
|
|a ZDB-2-BUM
|
| 950 |
|
|
|a Business and Management (Springer-41169)
|